MARC

LEADER 00000nam0a2200000 4500
001 57753
005 20231101211703.0
010 |a 5981180269 
035 |a (RuTPU)RU\TPU\book\60976 
090 |a 57753 
100 |a 20031117d2003 m y0rusy50 ca 
101 0 |a rus 
102 |a RU 
105 |a y j 001zy 
200 1 |a Банковское дело  |e учебник  |f Под ред. Г. Г. Коробовой 
210 |a Москва  |c Экономистъ  |d 2003 
215 |a 751 с. 
320 |a Библиогр.: с. 750-751 
606 1 |a Банковская деятельность  |x Экономика  |2 stltpush  |3 (RuTPU)RU\TPU\subj\72815  |9 86208 
610 1 |a экономика 
610 1 |a финансы 
610 1 |a банки 
610 1 |a банковская система 
610 1 |a Центральный банк 
610 1 |a Российская Федерация 
610 1 |a банковский рынок 
610 1 |a коммерческие банки 
610 1 |a активы 
610 1 |a банковская ликвидность 
610 1 |a прибыль 
610 1 |a безналичные расчеты 
610 1 |a кредит 
610 1 |a кредитование 
610 1 |a посреднические операции 
610 1 |a валютные операции 
610 1 |a кассовые операции 
610 1 |a управление 
610 1 |a персонал 
610 1 |a маркетинг 
610 1 |a банковские риски 
610 1 |a контроль 
610 1 |a банковская отчетность 
610 1 |a учебники 
686 |a У9(2)262.10я73  |v LBC/SL-A  |2 rubbk 
702 1 |a Коробова  |b Г. Г.  |4 340 
801 1 |a RU  |b 63413507  |c 20031117  |g PSBO 
801 2 |a RU  |b 63413507  |c 20210614  |g PSBO 
900 |a Банковское дело 
900 |a Финансы и кредиты 
942 |c BK 
952 |a 520000  |b 060400